00795cam a22002295i 450000100090000000300040000900500170001300800410003001000170007102000180008802000280010604000230013404200150015708200130017210000260018524501800021126400420039130000510043333600260048433700280051033800270053823045838OSt20230516113727.0230403s2023 ke a 000 0 eng  a 2023320287 a9789914748215 a9789914493382qHardback aDLCbengerdacDLC alcodeapcc a012bHAN1 aHassan, Ahmed Issack.10aReferee of a dirty ugly game :bin the theatre of Kenya's elections - an insider's account /cAhmed Issack Hassan ; foreword by Dr. Anil Seal, introduction by William Sweeney. 1aNairobi :bBig Books Limited,c[2023] axix, 559 pages :bcolor illustrations ;c25 cm atextbtxt2rdacontent aunmediatedbn2rdamedia avolumebnc2rdacarrier